[Event "BEL-chT 1415"]
[Site "Belgium"]
[Date "2014.09.28"]
[Round "1.7"]
[White "De Ruiter, Danny"]
[Black "Veltkamp, Gerben"]
[Result "0-1"]
[WhiteElo "2231"]
[BlackElo "2171"]
[PlyCount "96"]
[EventDate "2014.09.28"]
[EventType "team-swiss"]
[EventRounds "11"]
[EventCountry "BEL"]
[SourceTitle "CBM 162 Extra"]
[Source "ChessBase"]
[SourceDate "2014.10.17"]
[SourceVersion "1"]
[SourceVersionDate "2014.10.17"]
[SourceQuality "1"]
[WhiteTeam "Liege Crelel"]
[BlackTeam "Borgerhout"]
[WhiteTeamCountry "BEL"]
[BlackTeamCountry "BEL"]

1. d4 d5 2. c4 dxc4 3. e4 Nc6 4. Nf3 Bg4 5. Be3 Nf6 6. Nc3 e6 7. Qa4 Nd7 8. Qxc4 Nb6 9. Qd3 Qf6 10. Be2 0-0-0 11. Bg5 Rxd4 12. Nxd4 Bxe2 13. Bxf6 Bxd3 14. Nxc6 gxf6 15. Rd1 bxc6 16. Rxd3 Nc4 17. b3 Ne5 18. Rh3 h5 19. 0-0 h4 20. Ne2 Bc5 21. Nf4 Rd8 22. Rxh4 Rd2 23. Rh8+ Kd7 24. h4 Bd4 25. Rg8 f5 26. exf5 exf5 27. Rg3 c5 28. h5 Ng4 29. Nh3 Be5 30. Rf3 Nh2 31. Rxf5 Nxf1 32. Kxf1 Ke6 33. g4 f6 34. h6 Kf7 35. Rh5 Kg8 36. f4 Bd4 37. g5 fxg5 38. h7+ Kh8 39. fxg5 Rxa2 40. g6 Rh2 41. Rd5 Kg7 42. Rh5 Kh8 43. Ke1 a5 44. Nf4 Rxh5 45. Nxh5 c4 46. Kd1 cxb3 47. Ng3 a4 48. Nf5 Bf6 0-1